| 000 | 00825nam a22003017a 4500 | ||
|---|---|---|---|
| 003 | BUBTL | ||
| 008 | 130506b xxu||||| |||| 00| 0 eng d | ||
| 020 | _a81-265-1050-1 | ||
| 024 | _cavailable | ||
| 037 | _cavailable | ||
| 040 |
_aMBSTU Library _dMBSTU Library |
||
| 082 |
_222 _a547SOO |
||
| 100 |
_aSolomons,T. W. Graham _9802 |
||
| 110 | _aFryhle, Craig B | ||
| 245 | _aOrganic Chemistry | ||
| 250 | _a9th edition | ||
| 260 |
_aNew Delhi _b Wiley-India _cc2008 |
||
| 300 |
_a23.5 cm _bxxii,1255 page _f |
||
| 600 | _aOrganic Chemistry | ||
| 650 | _2Organic Chemistry | ||
| 700 |
_aSolomons,T. W. Graham _9803 |
||
| 710 | _aFryhle, Craig B | ||
| 856 |
_k0 _l0 _yDownload |
||
| 270 |
_aNew Delhi _bNew Delhi _dIndia |
||
| 365 |
_b952.00 _d952.00 |
||
| 942 |
_2ddc _cBK |
||
| 999 |
_c315 _d315 |
||